सार्थक (Record no. 336721)

MARC details
000 -LEADER
fixed length control field 00502nam a2200169Ia 4500
008 - FIXED-LENGTH DATA ELEMENTS--GENERAL INFORMATION
fixed length control field 090711s9999 xx 000 0 und d
082 ## - DEWEY DECIMAL CLASSIFICATION NUMBER
Item number 1746
100 ## - MAIN ENTRY--PERSONAL NAME
Personal name जोंधळे महावीर
245 ## - TITLE STATEMENT
Title सार्थक
260 ## - PUBLICATION, DISTRIBUTION, ETC. (IMPRINT)
Name of publisher, distributor, etc निर्मल प्रकाशन
Date of publication, distribution, etc 1999
300 ## - PHYSICAL DESCRIPTION
Extent 118
600 ## - SUBJECT ADDED ENTRY--PERSONAL NAME
Personal name जोंधळे महावीर
630 ## - SUBJECT ADDED ENTRY--UNIFORM TITLE
Uniform title सार्थक
700 ## - ADDED ENTRY--PERSONAL NAME
Personal name जोंधळे महावीर
730 ## - ADDED ENTRY--UNIFORM TITLE
Uniform title सार्थक
942 ## - ADDED ENTRY ELEMENTS (KOHA)
Koha item type Book

No items available.